| 000 | 01440nam0a2200325 i 4500 | ||
|---|---|---|---|
| 001 | RU\NLR\BIBL_A\010913079 | ||
| 005 | 20260406014141.0 | ||
| 010 |
_a9785903204687 _9100 |
||
| 021 |
_aRU _b2015-86760 _95318 |
||
| 035 | _a(NILC)RuMoRGB-008062989 | ||
| 035 | _a(NLR Aleph) 010913079 | ||
| 090 |
_a10640542 _c10640542 |
||
| 100 | _a20151127d2015 k y0rusy50 ca | ||
| 101 | 0 | _arus | |
| 102 | _aRU | ||
| 105 | _ay z 000yy | ||
| 200 | 1 |
_aОрганизация повышения квалификации педагогов дошкольного образования _eсборник статей _fС. Н. Петрова |
|
| 210 |
_aМосква _cЦентр дополнительного образования "Восхождение" _d2015 |
||
| 215 |
_a61 с. _d20 |
||
| 320 | _aБиблиогр. в конце ст. | ||
| 606 | 1 |
_aВоспитатели дошкольных учреждений _xПовышение квалификации _92109460 _3RU\NLR\AUTH\661578519 |
|
| 610 | 0 | _aповышение квалификации дошкольных работников | |
| 675 | _a373 | ||
| 686 | 1 | _aЧ489.514(2Р)78 | |
| 700 | 1 |
_7ca _8rus _aПетрова _bС. Н. _cпедагог, дошкол. образование _gСветлана Николаевна _9102589 _3RU\NLR\AUTH\77119664 |
|
| 801 | 0 |
_aRU _bРГБ _c20151106 _gRCR |
|
| 942 | _cBOOK | ||
| 980 | _aNBR | ||